Nỗi buồn chiến tranh : Tiểu thuyết =

Shranjeno v:
Bibliografske podrobnosti
Glavni avtor: Bảo Ninh.
Format: Sách giấy
Jezik:Vietnamese
Izdano: H. : Văn học, 2006.
Izdaja:Tái bản.
Serija:Tiểu thuyết.
Teme:
Oznake: Označite
Brez oznak, prvi označite!
Thư viện lưu trữ: Thư viện Trường Đại học Đà Lạt
LEADER 00852nam a2200337 4500
001 DLU120135663
005 ##20120528
040 # # |a DLU  |b vie 
041 # # |a vie 
044 # # |a vn 
082 # # |a TV  |b BA-N 
100 # # |a Bảo Ninh. 
245 # # |a Nỗi buồn chiến tranh :  |b Tiểu thuyết =  |b The sorrow of war /  |c Bảo Ninh. 
246 # # |a The sorrow of war 
250 # # |a Tái bản. 
260 # # |a H. :  |b Văn học,  |c 2006. 
300 # # |a 287 tr. ;  |c 21 cm. 
490 # # |a Tiểu thuyết. 
650 # # |a Tiểu thuyết Việt Nam  |y Thế kỷ 21. 
650 # # |a Văn học Việt Nam  |y Thế kỷ 21. 
923 # # |a 01/2012DP 
991 # # |a SH 
992 # # |a 32000 
994 # # |a KDP 
900 # # |a True 
911 # # |a Đào Thị Thu Huyền 
925 # # |a G 
926 # # |a A 
927 # # |a SH 
980 # # |a Thư viện Trường Đại học Đà Lạt